Biodiversity: an ecological perspective
Guardat en:
| Autors principals: | , |
|---|---|
| Altres autors: | |
| Format: | Llibre |
| Idioma: | anglès |
| Publicat: |
New York, USA
Springer
1997
|
| Matèries: | |
| Etiquetes: |
Afegir etiqueta
Sense etiquetes, Sigues el primer a etiquetar aquest registre!
|
MARC
| LEADER | 00000nam a2200000 a 4500 | ||
|---|---|---|---|
| 001 | UCS7541 | ||
| 003 | CL-VaPUC | ||
| 005 | 20220331130729.0 | ||
| 008 | 971017e19970000US |||||||||||||||||eng|d | ||
| 999 | |c 262569 |d 262567 | ||
| 040 | |c Pontificia Universidad Católica de Valparaíso | ||
| 082 | 0 | 4 | |a 577 ABE 1997 |2 21 |
| 100 | 0 | |a Abe, Takuya |9 392644 | |
| 245 | 1 | 0 | |a Biodiversity: an ecological perspective |
| 260 | |a New York, USA |b Springer |c 1997 | ||
| 300 | |a 294 páginas | ||
| 583 | |a last modification |c 19971017 00:00:00 |k Rodrigo Vera | ||
| 650 | 7 | |a DIVERSIDAD BIOLOGICA |2 CL-VaPUC |9 327372 | |
| 650 | 0 | |a Ecología agrícola |9 264266 | |
| 650 | 7 | |a CONSERVACION DE LA DIVERSIDAD BIOLOGICA |2 CL-VaPUC |9 332856 | |
| 650 | 0 | |a Comunidades bióticas |9 269776 | |
| 700 | |a Levin, Simon A |e author |9 619189 | ||
| 700 | 0 | |a Higashi, Masahiko |9 392646 | |
| 942 | |c BK |2 ddc | ||
| 945 | |d 19971017 00:00:00 |a jquezada | ||
| 952 | |0 0 |1 0 |2 ddc |4 0 |6 577_000000000000000_ABE_1997 |7 0 |8 A |9 291241 |a BIBCUR |b BIBCUR |d 2019-11-19 |i 3356221 |o 577 ABE 1997 |p 3356221 |r 2025-04-22 |t 2 |w 2019-11-19 |y BK |k BIO | ||
| 952 | |0 0 |1 0 |2 ddc |4 0 |6 577_000000000000000_ABE_1997 |7 0 |8 CCM |9 291242 |a BIBCUR |b BIBCUR |c PAC |d 2019-11-19 |i 3447618 |o 577 ABE 1997 |p 3447618 |r 2025-04-22 |t 3 |w 2019-11-19 |y BK |k CIM | ||